00783nam a22002057a 4500999001900000005001700019010001500036020002600051035001400077037001300091082001500104100001700119245006100136250001000197260004300207270013000250300002900380942002900409952013900438 c195744d19574420230419121717.0 aENG-136736 a9789388398497c800.00 aEN-120268 bDBAD/PUB a363.700954 aDamodaran, K00aEconomics Burden Of Pollution In India /cBy K Damodaran aFirst aTamil NadubShanlax Publicationsc2019 bTamil Nadua61, 66 T.P.K. Main Road, Vasantha Nagar, Maduraie625003k0452-4208765k7639303383mshanlaxpublications@gmail.com a342p. :c22cm(pbk)bill. 2ddccENmDAMh363.700954 001040708NFICaBL4bBL4d2023-04-19eDBAD/PUBg800.00l2o363.700954 DAMpEN-120268r2025-03-08 00:00:00s2025-02-22t1v800.00yEN